Cuba y Panamá : (Record no. 32865)
[ view plain ]
| 000 -LEADER | |
|---|---|
| campo de control de longitud fija | 00814nam a2200217 i 4500 |
| 001 - NÚMERO DE CONTROL | |
| campo de control | 32865 |
| 003 - IDENTIFICADOR DE NÚMERO DE CONTROL | |
| campo de control | ES-MaACL |
| 005 - FECHA Y HORA DE LA ÚLTIMA TRANSACCIÓN | |
| campo de control | 20230906154642.0 |
| 007 - CAMPO FIJO DE DESCRIPCIÓN FÍSICA--INFORMACIÓN GENERAL | |
| campo de control de longitud fija | t| |
| 008 - DATOS DE LONGITUD FIJA--INFORMACIÓN GENERAL | |
| campo de control de longitud fija | 030131s1914 cu ||||1| spa d |
| 100 1# - ENTRADA PRINCIPAL--NOMBRE DE PERSONA | |
| Nombre de persona | Bermúdez, Alejandro. |
| 9 (RLIN) | 28125 |
| 245 10 - MENCIÓN DEL TÍTULO | |
| Título | Cuba y Panamá : |
| Resto del título | conferencia dada el 3 de mayo de 1914 en el Gran Teatro Polyteama de la Habana / |
| Mención de responsabilidad, etc. | por el ingeniero Alejandro Bermúdez. |
| 260 ## - PUBLICACIÓN, DISTRIBUCIÓN, ETC. | |
| Lugar de publicación, distribución, etc. | Habana : |
| Nombre del editor, distribuidor, etc. | [s.n.], |
| Fecha de publicación, distribución, etc. | 1914 ( |
| Fabricante | Imp. Cubana) |
| 300 ## - DESCRIPCIÓN FÍSICA | |
| Extensión | 40 p. ; |
| Dimensiones | 23 cm. |
| 530 ## - NOTA DISPONIBLE DE FORMULARIO FÍSICO ADICIONAL | |
| Nota de formato físico adicional disponible | Disponible en formato digital. |
| 651 #4 - PUNTO DE ACCESO ADICIONAL DE MATERIA--NOMBRE GEOGRÁFICO | |
| Nombre geográfico | Cuba- |
| Subdivisión general | Historia- |
| Subdivisión cronológica | 1902-1933. |
| 9 (RLIN) | 155981 |
| 651 #4 - PUNTO DE ACCESO ADICIONAL DE MATERIA--NOMBRE GEOGRÁFICO | |
| Nombre geográfico | Cuba- |
| Subdivisión general | Relaciones- |
| Subdivisión geográfica | Panamá. |
| 9 (RLIN) | 155982 |
| 651 #4 - PUNTO DE ACCESO ADICIONAL DE MATERIA--NOMBRE GEOGRÁFICO | |
| Nombre geográfico | Canal de Panamá. |
| 9 (RLIN) | 7941 |
| 852 ## - LOCALIZACIÓN | |
| Ubicación | ES-MaACL |
| Número de control de estantería | T-1412-F-10 |
| 856 ## - LOCALIZACIÓN Y ACCESO ELECTRÓNICOS | |
| Identificador Uniforme de Recursos | <a href="http://bdh-rd.bne.es/viewer.vm?id=0000105731&page=1 ">http://bdh-rd.bne.es/viewer.vm?id=0000105731&page=1 </a> |
| Nota pública | Biblioteca Digital Hispánica |
| Estatus retirado | Estado de pérdida | Estado de daño | No para préstamo | Colección | Biblioteca de origen | Biblioteca actual | Ubicación en estantería | Fecha de adquisición | Fuente de adquisición | Total de préstamos | Signatura topográfica completa | Código de barras | Visto por última vez | Precio de reemplazo | Tipo de ítem Koha |
|---|---|---|---|---|---|---|---|---|---|---|---|---|---|---|---|
| Colección de folletos | Biblioteca del Ateneo de Madrid | Biblioteca del Ateneo de Madrid | Depósito folletos | 17/01/2008 | T-1412-F-10 | 1034113 | 23/02/2023 | 23/02/2023 | Folleto |
